[Event "XXXV C.to Italiano a squadre A1 Nord"]
[Site "Genova ITA"]
[Date "2003.03.15"]
[Round "1"]
[White "Cugini, Verter"]
[Black "Caruso, Augusto"]
[WhiteElo "2221"]
[BlackElo "2247"]
[Result "1-0"]
[PlyCount "131"]
[EventDate "2003.03.15"]

1. e4 e6 2. d4 d5 3. Nd2 Nf6 4. e5 Nfd7 5. Bd3 c5 6. c3 Nc6 7. Ne2 b6 8. O-O
cxd4 9. cxd4 Nb4 10. Bb1 Ba6 11. Nf3 Rc8 12. a3 Nc6 13. Re1 Be7 14. Nc3 Ndb8
15. Bd2 g5 16. Be3 g4 17. Nd2 h5 18. Bc2 Na5 19. Ba4+ Kf8 20. Rc1 Bd3 21. Nb3
Nxb3 22. Qxb3 Bc4 23. Qd1 Kg7 24. f4 f5 25. exf6+ Bxf6 26. Bf2 Qd6 27. Bg3 b5
28. f5 Qb6 29. Bc2 Qxd4+ 30. Bf2 Qxd1 31. Rcxd1 e5 32. Bxa7 d4 33. Bxb8 Rxb8
34. Ne4 b4 35. a4 Ra8 36. Nc5 Ra5 37. Nb7 Ra7 38. Nd6 b3 39. Bd3 Bxd3 40. Rxd3
Rb8 41. Ra1 Ra6 42. Ne4 Be7 43. h3 gxh3 44. Rxh3 h4 45. Nd2 Rc6 46. a5 Rc2 47.
Rxb3 Rxb2 48. Rxb2 Rxb2 49. a6 Rb8 50. a7 Ra8 51. Ne4 Kh6 52. Ra6+ Kh5 53. f6
Bf8 54. f7 d3 55. Kf1 Kg4 56. Nf2+ Kf5 57. Nxd3 e4 58. Nb2 Bc5 59. Na4 Bxa7 60.
Rxa7 Rf8 61. Nc5 Kg6 62. Nxe4 Rxf7+ 63. Rxf7 Kxf7 64. Kg1 Kg6 65. Kh2 Kf5 66.
Nf2 1-0

[Event "XXXV C.to Italiano a squadre A1 Nord"]
[Site "Genova ITA"]
[Date "2003.03.15"]
[Round "1"]
[White "Dervishi, Erald"]
[Black "Tirabassi, Maurizio"]
[WhiteElo "2530"]
[BlackElo "2330"]
[Result "1-0"]
[PlyCount "137"]
[EventDate "2003.03.15"]

1. e4 c5 2. Nf3 e6 3. d4 cxd4 4. Nxd4 Nf6 5. Nc3 d6 6. Be2 Be7 7. O-O Nc6 8.
Be3 Bd7 9. Nb3 O-O 10. f4 Qc7 11. Bf3 a6 12. a4 b6 13. Kh1 Bc8 14. Qd2 Nd7 15.
Rad1 Rb8 16. Qe2 Nc5 17. Nd4 Bd7 18. Nxc6 Bxc6 19. b3 b5 20. axb5 axb5 21. Bxc5
dxc5 22. e5 f5 23. exf6 Rxf6 24. Bxc6 Qxc6 25. Ne4 Rf7 26. Rf3 Rbf8 27. Rdf1 h6
28. h3 Rd8 29. Re3 b4 30. Ng3 Rd4 31. Rxe6 Qd7 32. Nf5 Rxf5 33. Rxe7 Qd5 34.
Qg4 Rf7 35. Rxf7 Kxf7 36. Rf2 c4 37. bxc4 Qxc4 38. Qf5+ Kg8 39. Kh2 b3 40. cxb3
Qxb3 41. Rc2 Rd8 42. Rc7 Rf8 43. Qe5 Rf7 44. Rc3 Qb7 45. Rc2 Qd7 46. Rc5 Qe7
47. Rc8+ Kh7 48. Qb8 Qf6 49. Rc4 Rf8 50. Qb3 Kh8 51. Qe3 Kh7 52. Re4 Kh8 53.
Rc4 Kg8 54. g4 Qh4 55. Kg2 Kh8 56. Re4 Qf6 57. Kg3 Rc8 58. Re8+ Rxe8 59. Qxe8+
Kh7 60. Qe4+ Kh8 61. Qe5 Qb6 62. Kh4 Kh7 63. Qe4+ Kg8 64. g5 hxg5+ 65. Kxg5
Qg1+ 66. Kh4 Kf7 67. Qd5+ Kg6 68. Qg5+ Qxg5+ 69. fxg5 1-0

[Event "XXXV C.to Italiano a squadre A1 Nord"]
[Site "Genova ITA"]
[Date "2003.03.15"]
[Round "1"]
[White "Di Paolo, Raffaele"]
[Black "Negro, Roberto"]
[Result "1-0"]
[WhiteElo "2340"]
[BlackElo "2132"]
[PlyCount "101"]
[EventDate "2003.03.15"]

1. e4 g6 2. d4 Bg7 3. Nf3 d6 4. h3 Nf6 5. Nc3 c6 6. a4 O-O 7. a5 Qc7 8. Be3
Nbd7 9. Be2 h6 10. Qd2 Kh7 11. O-O e5 12. dxe5 dxe5 13. Rfd1 Re8 14. Bc4 Re7
15. Qd6 Qxd6 16. Rxd6 Ne8 17. Rd2 Nc7 18. Nb1 f5 19. exf5 gxf5 20. Nh4 Nf8 21.
Rd8 Rd7 22. Rxd7 Bxd7 23. Nc3 Bf6 24. Nf3 Be6 25. Bxe6 Ncxe6 26. Rd1 e4 27. Nd4
Nxd4 28. Bxd4 Bxd4 29. Rxd4 Re8 30. g4 Kg6 31. Rd6+ Re6 32. Rd8 Rf6 33. Rb8 Rf7
34. Re8 fxg4 35. hxg4 Rf4 36. Rxe4 Kg5 37. Re7 Rxg4+ 38. Kh2 Rb4 39. Ne4+ Kg4
40. Rg7+ Kf3 41. Nc5 b6 42. Nd3 Rh4+ 43. Kg1 Ke2 44. a6 Kd2 45. Rxa7 Ne6 46.
Rd7 Rg4+ 47. Kf1 Kxc2 48. b4 Rg8 49. a7 Ra8 50. Ne5 c5 51. Nc4 1-0

[Event "XXXV C.to Italiano a squadre A1 Nord"]
[Site "Genova ITA"]
[Date "2003.03.15"]
[Round "1"]
[White "Guerra, Alessandro"]
[Black "Abd El Gawad, Shaban"]
[WhiteElo "2192"]
[BlackElo "2134"]
[Result "1-0"]
[PlyCount "107"]
[EventDate "2003.03.15"]

1. d4 f5 2. h3 Nf6 3. g4 fxg4 4. hxg4 d5 5. g5 Ne4 6. Nc3 Nxc3 7. bxc3 Bf5 8.
Nf3 e6 9. Bh3 g6 10. Bf4 Bg7 11. Bxf5 exf5 12. Qd3 O-O 13. O-O-O Nc6 14. Ne5
Bxe5 15. dxe5 Ne7 16. e6 h5 17. gxh6 Kh7 18. Qd4 Rg8 19. Bg5 Qf8 20. Qc5 Re8
21. Qxc7 Kh8 22. h7 Rg7 23. Bh6 Qf6 24. Qc5 Rxh7 25. Be3 Nc6 26. Rxh7+ Kxh7 27.
Qxd5 Rxe6 28. Rh1+ Kg7 29. Qd7+ Qe7 30. Qc8 Qe8 31. Qxb7+ Qe7 32. Qb5 Rxe3 33.
fxe3 Qxe3+ 34. Kb2 Ne5 35. Rd1 Qb6 36. Qxb6 axb6 37. Kb3 g5 38. Kb4 g4 39. Kb5
f4 40. Kxb6 Nc4+ 41. Kc5 Ne3 42. Rb1 g3 43. a4 Ng4 44. a5 Ne5 45. e3 Nf3 46.
Ra1 fxe3 47. a6 e2 48. a7 e1=Q 49. Rxe1 Nxe1 50. a8=Q g2 51. Qb7+ Kf6 52. Qc6+
Kf5 53. Qd5+ Kg4 54. Qe4+ 1-0

[Event "XXXV C.to Italiano a squadre A1 Nord"]
[Site "Genova ITA"]
[Date "2003.03.15"]
[Round "1"]
[White "Huebner, Robert"]
[Black "Del Rio Angelis, Salvador Gabriel"]
[WhiteElo "2625"]
[BlackElo "2487"]
[Result "1-0"]
[PlyCount "101"]
[EventDate "2003.03.15"]

1. d4 Nf6 2. Nf3 e6 3. c4 d5 4. Nc3 Be7 5. Bf4 O-O 6. e3 c6 7. Bd3 Nbd7 8. O-O
dxc4 9. Bxc4 Nb6 10. Bd3 Nbd5 11. Be5 Nxc3 12. bxc3 b6 13. a4 g6 14. Nd2 Nd7
15. Bg3 Bb7 16. a5 c5 17. Nc4 Bd5 18. Qa4 Bxc4 19. Qxc4 a6 20. axb6 Nxb6 21.
Qb3 cxd4 22. Be4 Ra7 23. Rfb1 Nd5 24. cxd4 Nb4 25. Qa4 a5 26. Qb5 f5 27. Bf3
Nd5 28. Qc6 Kf7 29. Rb8 Qd7 30. Rxf8+ Bxf8 31. Qxd7+ Rxd7 32. Rxa5 f4 33. Bxd5
fxg3 34. Ba2 gxf2+ 35. Kxf2 Kf6 36. h4 Bd6 37. g4 e5 38. g5+ Kg7 39. Be6 Re7
40. d5 h6 41. Ra6 Bc5 42. Rc6 Ba7 43. Kf3 hxg5 44. hxg5 Kf8 45. Ke4 Rb7 46. d6
Rb4+ 47. Bc4 Ke8 48. Kxe5 Bb6 49. Ke6 Bd8 50. Rc8 Rb7 51. d7+ 1-0

[Event "XXXV C.to Italiano a squadre A1 Nord"]
[Site "Genova ITA"]
[Date "2003.03.15"]
[Round "1"]
[White "Ortega, Lexy"]
[Black "Mantovani, Renzo"]
[Result "1-0"]
[WhiteElo "2452"]
[BlackElo "2349"]
[PlyCount "75"]
[EventDate "2003.03.15"]

1. d4 Nf6 2. Nf3 d5 3. c4 e6 4. e3 a6 5. Nc3 Be7 6. a3 O-O 7. b4 Nbd7 8. Bb2
dxc4 9. Bxc4 b6 10. e4 Bb7 11. e5 Ne4 12. Nxe4 Bxe4 13. Qe2 Bb7 14. Rd1 b5 15.
Bd3 a5 16. h4 h6 17. Bb1 axb4 18. Qc2 f5 19. exf6 Nxf6 20. d5 Bxd5 21. Bxf6
Bxf6 22. axb4 Qd6 23. O-O Qxb4 24. Rxd5 exd5 25. Qh7+ Kf7 26. Re1 Rg8 27. Ne5+
Bxe5 28. Qf5+ Bf6 29. Qxd5+ Kf8 30. Qxa8+ Kf7 31. Qd5+ Kf8 32. Rd1 Qc4 33. Qf5
Qc6 34. Ba2 Rh8 35. Rd8+ Ke7 36. Rxh8 g6 37. Rh7+ Kd8 38. Qd5+ 1-0

[Event "XXXV C.to Italiano a squadre A1 Nord"]
[Site "Genova ITA"]
[Date "2003.03.15"]
[Round "1"]
[White "Pernigotti, Carlo"]
[Black "Fabris, Alberto"]
[Result "1-0"]
[WhiteElo "2201"]
[BlackElo "2230"]
[PlyCount "61"]
[EventDate "2003.03.15"]

1. e4 d6 2. d4 Nf6 3. Nc3 g6 4. Bg5 c6 5. Qd2 b5 6. Bd3 Nbd7 7. Nf3 Bg7 8. Bh6
Bxh6 9. Qxh6 Qa5 10. O-O b4 11. Ne2 Bb7 12. a3 bxa3 13. Rxa3 Qc7 14. Nc3 c5 15.
Re1 cxd4 16. Nxd4 Ne5 17. Bb5+ Nfd7 18. Nd5 Bxd5 19. exd5 Qc5 20. c3 Qxd5 21.
f4 Nc4 22. Bc6 Qc5 23. Bxa8 Nxa3 24. Qg7 Rf8 25. bxa3 e5 26. Kh1 Qxc3 27. Nf3
Kd8 28. fxe5 dxe5 29. Rd1 Kc7 30. Rxd7+ Kxd7 31. Qxf8 1-0

[Event "XXXV C.to Italiano a squadre A1 Nord"]
[Site "Genova ITA"]
[Date "2003.03.15"]
[Round "1"]
[White "Scalcione, Michelangelo"]
[Black "Iotti, Pierluigi"]
[WhiteElo "2366"]
[BlackElo "2314"]
[Result "1-0"]
[PlyCount "53"]
[EventDate "2003.03.15"]

1. Nf3 c5 2. c4 Nf6 3. Nc3 e6 4. g3 b6 5. Bg2 Bb7 6. O-O Be7 7. Re1 a6 8. e4 d6
9. d4 cxd4 10. Nxd4 Qc7 11. Be3 O-O 12. Rc1 Nbd7 13. f4 g6 14. Bf2 Rfe8 15. g4
e5 16. Nd5 Qd8 17. Nxe7+ Qxe7 18. g5 Nh5 19. Nf5 gxf5 20. Qxh5 fxe4 21. f5 f6
22. g6 Nc5 23. Rc3 Red8 24. Rg3 Rd7 25. Ree3 Rf8 26. gxh7+ Kh8 27. Rg8+ 1-0

[Event "XXXV C.to Italiano a squadre A1 Nord"]
[Site "Genova ITA"]
[Date "2003.03.15"]
[Round "1"]
[White "Simoli, Sergio"]
[Black "Massa, Giovanni"]
[WhiteElo "2280"]
[BlackElo "2110"]
[Result "1-0"]
[PlyCount "135"]
[EventDate "2003.03.15"]

1. Nf3 c5 2. g3 Nc6 3. Bg2 d5 4. O-O g6 5. d4 cxd4 6. Nxd4 Bg7 7. Nb5 Nf6 8.
Bxd5 Nxd5 9. Qxd5 Qxd5 10. Nc7+ Kf8 11. Nxd5 Nd4 12. Nbc3 Nxc2 13. Rb1 Bh3 14.
Rd1 Rd8 15. Bf4 e6 16. Bg5 Rxd5 17. Nxd5 exd5 18. Rxd5 f6 19. Bf4 g5 20. Bb8
Kf7 21. Bxa7 Ra8 22. Bc5 Rxa2 23. Rd2 Na1 24. Rd8 Nb3 25. Be3 Bf5 26. Rbd1 Rxb2
27. Rb8 Na5 28. Rc1 Bc2 29. Bd4 Ra2 30. Ra8 Bf8 31. Rxa5 Rxa5 32. Rxc2 Bd6 33.
Kg2 b5 34. Rc6 Be7 35. Rb6 b4 36. h4 h6 37. Kf3 Ra2 38. hxg5 hxg5 39. g4 Rc2
40. Ke3 Rc8 41. Ke4 Rc2 42. Kd3 Rc8 43. e3 Rc1 44. f3 Rc8 45. Ke4 Rd8 46. f4
gxf4 47. exf4 Rd7 48. f5 Rc7 49. Rb8 Rd7 50. Rb6 Rc7 51. Rb5 Rd7 52. Be3 Rd1
53. Rb7 Ke8 54. Bd4 Re1+ 55. Kd3 Rd1+ 56. Ke3 Rg1 57. Kf3 Rf1+ 58. Ke4 Re1+ 59.
Kd5 Re2 60. g5 fxg5 61. f6 Bd8 62. Be5 Rd2+ 63. Ke6 Bxf6 64. Bxf6 Re2+ 65. Be5
Rd2 66. Rxb4 Rd7 67. Bd6 g4 68. Rf4 1-0

[Event "XXXV C.to Italiano a squadre A1 Nord"]
[Site "Genova ITA"]
[Date "2003.03.15"]
[Round "1"]
[White "Skembris, Spyridon"]
[Black "Godena, Michele"]
[WhiteElo "2426"]
[BlackElo "2524"]
[Result "0-1"]
[PlyCount "90"]
[EventDate "2003.03.15"]

1. d4 d5 2. c4 c6 3. Nf3 Nf6 4. Nc3 a6 5. e3 e6 6. Qc2 c5 7. cxd5 exd5 8. Be2
Nc6 9. O-O Be6 10. Ne5 Rc8 11. Qa4 Qb6 12. e4 Nxe4 13. Nxe4 dxe4 14. dxc5 Bxc5
15. Qxe4 Nxe5 16. Qxe5 O-O 17. Be3 Bxe3 18. fxe3 Rc2 19. Bd3 Rd2 20. Be4 Qxe3+
21. Kh1 Re2 22. Rf4 Re1+ 23. Rf1 Rxa1 24. Rxa1 g6 25. g4 Bxg4 26. Rf1 Bf5 27.
Rxf5 gxf5 28. Qxf5 Qc1+ 29. Kg2 Qxb2+ 30. Kf3 Qc3+ 31. Kf2 Qg7 32. Bxb7 Qg6 33.
Qc5 Re8 34. Bf3 h6 35. h4 Qf6 36. Qc4 Qb2+ 37. Kg3 Qe5+ 38. Kg2 Rb8 39. Qxa6
Rb2+ 40. Kf1 Rb1+ 41. Kg2 Rb2+ 42. Kf1 Qe3 43. Qc8+ Kg7 44. Qg4+ Kf6 45. Be2
Rxa2 0-1

[Event "XXXV C.to Italiano a squadre A1 Nord"]
[Site "Genova ITA"]
[Date "2003.03.15"]
[Round "1"]
[White "Vezzosi, Paolo"]
[Black "Manca, Federico"]
[WhiteElo "2379"]
[BlackElo "2349"]
[Result "1/2-1/2"]
[PlyCount "76"]
[EventDate "2003.03.15"]

1. Nf3 Nf6 2. d4 g6 3. Bg5 Bg7 4. Nbd2 c5 5. Bxf6 Bxf6 6. Ne4 Bxd4 7. Nxd4 cxd4
8. Qxd4 O-O 9. c4 Nc6 10. Qd2 d6 11. e3 Be6 12. Be2 d5 13. Ng5 dxc4 14. Qxd8
Nxd8 15. Nxe6 Nxe6 16. Bxc4 Rac8 17. b3 Rfd8 18. Rd1 Nc5 19. f3 e6 20. Rxd8+
Rxd8 21. Ke2 Kf8 22. Rc1 a5 23. Bb5 b6 24. g4 h6 25. Rc3 Ke7 26. a3 e5 27. b4
axb4 28. axb4 Ne6 29. Rc6 Rd6 30. h4 Rxc6 31. Bxc6 f5 32. gxf5 gxf5 33. Bd5 Nc7
34. Bc4 Kd6 35. Kd3 b5 36. Bb3 Nd5 37. Bxd5 Kxd5 38. e4+ fxe4+ 1/2-1/2

[Event "XXXV C.to Italiano a squadre A1 Nord"]
[Site "Genova ITA"]
[Date "2003.03.15"]
[Round "1"]
[White "Vismara, Daniele"]
[Black "Belotti, Bruno"]
[WhiteElo "2260"]
[BlackElo "2433"]
[Result "1/2-1/2"]
[PlyCount "89"]
[EventDate "2003.03.15"]

1. Nf3 Nf6 2. c4 e6 3. Nc3 Bb4 4. Qc2 c5 5. a3 Ba5 6. e3 O-O 7. Be2 Nc6 8. d4
cxd4 9. exd4 d5 10. c5 Bxc3+ 11. bxc3 b6 12. cxb6 axb6 13. O-O Ba6 14. Bg5 Qd6
15. Bxf6 gxf6 16. a4 Rfc8 17. Rfb1 Bxe2 18. Qxe2 Na5 19. Qd3 Nc4 20. Rb4 Qc6
21. h3 b5 22. Rxb5 Rxa4 23. Rxa4 Qxb5 24. Rb4 Qc6 25. Nh2 Qc7 26. Ng4 Qf4 27.
Qg3 Qxg3 28. Nxf6+ Kf8 29. fxg3 Kg7 30. Nh5+ Kg6 31. g4 Nd6 32. Nf4+ Kg5 33.
Ne2 Ne4 34. Rb3 Ra8 35. Rb2 Ra1+ 36. Kh2 Re1 37. Rc2 f5 38. gxf5 Kxf5 39. Ng3+
Kf4 40. Nxe4 Kxe4 41. Rf2 Re3 42. Rf6 Kd3 43. Rh6 Kxc3 44. Rxh7 Kxd4 45. h4
1/2-1/2

[Event "XXXV C.to Italiano a squadre A1 Nord"]
[Site "Genova ITA"]
[Date "2003.03.16"]
[Round "2"]
[White "Belotti, Bruno"]
[Black "Caruso, Augusto"]
[Result "1-0"]
[WhiteElo "2433"]
[BlackElo "2247"]
[PlyCount "25"]
[EventDate "2003.03.15"]

1. e4 e6 2. d4 d5 3. Nd2 dxe4 4. Nxe4 Nf6 5. Nxf6+ Qxf6 6. Nf3 h6 7. Be3 Nd7 8.
Qd2 g5 9. O-O-O Bg7 10. h4 g4 11. Ne5 Nxe5 12. dxe5 Qe7 13. Bc5 1-0

[Event "XXXV C.to Italiano a squadre A1 Nord"]
[Site "Genova ITA"]
[Date "2003.03.16"]
[Round "2"]
[White "Bertino, Andrea"]
[Black "Menoni, Vincenzo"]
[Result "0-1"]
[WhiteElo "2016"]
[BlackElo "2245"]
[PlyCount "80"]
[EventDate "2003.03.15"]

1. d4 Nf6 2. c4 g6 3. Nf3 Bg7 4. Nc3 d6 5. g3 O-O 6. Bg2 Nbd7 7. O-O e5 8. e4
a6 9. Re1 exd4 10. Nxd4 Ng4 11. Rb1 Nge5 12. b3 Nc5 13. Rf1 b5 14. cxb5 axb5
15. b4 Na4 16. Nce2 Bd7 17. Qc2 Qb8 18. Rd1 Nc4 19. Nf4 Re8 20. Nd5 Nab6 21.
Rb3 Nxd5 22. exd5 Bxd4 23. Rxd4 Re1+ 24. Bf1 Rxa2 25. Qxa2 Bh3 26. Qe2 Rxf1+
27. Qxf1 Bxf1 28. Kxf1 f5 29. Rd1 Qa8 30. Bh6 Qa2 31. Rbb1 Kf7 32. Bg5 Kg7 33.
Re1 Ne5 34. f4 Qc4+ 35. Kg2 Qxd5+ 36. Kh3 h6 37. Bxh6+ Kxh6 38. fxe5 g5 39. e6
g4+ 40. Kh4 Qd4 0-1

[Event "XXXV C.to Italiano a squadre A1 Nord"]
[Site "Genova ITA"]
[Date "2003.03.16"]
[Round "2"]
[White "Dervishi, Erald"]
[Black "Huebner, Robert"]
[Result "1/2-1/2"]
[WhiteElo "2530"]
[BlackElo "2625"]
[PlyCount "51"]
[EventDate "2003.03.15"]

1. e4 e6 2. d4 d5 3. Nd2 c5 4. exd5 Qxd5 5. Ngf3 cxd4 6. Bc4 Qd8 7. O-O Nf6 8.
Nb3 Nc6 9. Nbxd4 Nxd4 10. Nxd4 Bc5 11. Be3 O-O 12. c3 Bd7 13. Qe2 Qc7 14. h3 a6
15. Rfe1 Rae8 16. Rad1 e5 17. Nc2 Be6 18. Bxc5 Qxc5 19. Ne3 g6 20. Bxe6 Rxe6
21. Qc4 Qe7 22. Nd5 Nxd5 23. Rxd5 Rd8 24. Red1 Rxd5 25. Rxd5 Kg7 26. Qd3
1/2-1/2

[Event "XXXV C.to Italiano a squadre A1 Nord"]
[Site "Genova ITA"]
[Date "2003.03.16"]
[Round "2"]
[White "Fabris, Alberto"]
[Black "Mantovani, Renzo"]
[Result "0-1"]
[WhiteElo "2230"]
[BlackElo "2349"]
[PlyCount "88"]
[EventDate "2003.03.15"]

1. d4 Nf6 2. Nf3 e6 3. e3 d5 4. Bd3 Be7 5. Nbd2 Nbd7 6. O-O O-O 7. c4 b6 8. b3
Bb7 9. Bb2 dxc4 10. bxc4 c5 11. Qe2 Rc8 12. Rfd1 Qc7 13. Rac1 Bc6 14. e4 cxd4
15. e5 Nh5 16. g3 Nc5 17. Bb1 d3 18. Qe3 g6 19. Nb3 Ng7 20. g4 Rcd8 21. Bxd3
Nxd3 22. Rxd3 Rxd3 23. Qxd3 Rd8 24. Qe2 Bb7 25. Nbd4 Bc5 26. Rd1 Rc8 27. Rc1
Ba8 28. Nd2 Rd8 29. N2b3 Be7 30. f3 Bg5 31. Rc2 a6 32. c5 h5 33. h3 hxg4 34.
hxg4 f5 35. a4 fxg4 36. fxg4 Rd5 37. cxb6 Qxb6 38. Rc8+ Rd8 39. Rxd8+ Qxd8 40.
Qc4 Be3+ 41. Kf1 Bd5 42. Qd3 Qf8+ 43. Ke2 Qf2+ 44. Kd1 Bxd4 0-1

[Event "XXXV C.to Italiano a squadre A1 Nord"]
[Site "Genova ITA"]
[Date "2003.03.16"]
[Round "2"]
[White "Godena, Michele"]
[Black "Manca, Federico"]
[Result "1/2-1/2"]
[WhiteElo "2524"]
[BlackElo "2349"]
[PlyCount "80"]
[EventDate "2003.03.15"]

1. e4 c5 2. Nf3 Nc6 3. Bb5 e6 4. Bxc6 bxc6 5. d3 Ne7 6. Qe2 d5 7. c4 Ng6 8. e5
Be7 9. O-O O-O 10. Nc3 f6 11. exf6 Bxf6 12. Na4 e5 13. Be3 Bg4 14. Bxc5 Nf4 15.
Qe3 Bg5 16. Bxf8 Nh3+ 17. gxh3 Bxe3 18. hxg4 Bf4 19. Ba3 e4 20. dxe4 dxe4 21.
Rfd1 Qa5 22. Rd4 exf3 23. Rxf4 Qxa4 24. Re1 h6 25. h3 Rd8 26. Kh2 Rd2 27. Kg3
Qc2 28. Rxf3 Qxc4 29. Re7 Rd3 30. Rxa7 Rxf3+ 31. Kxf3 Qxa2 32. Re7 Qd5+ 33. Ke2
Qc4+ 34. Ke1 c5 35. Re3 Qc1+ 36. Ke2 Qc4+ 37. Ke1 Qd4 38. Rc3 c4 39. Re3 Kf7
40. Kf1 Qd1+ 1/2-1/2

[Event "XXXV C.to Italiano a squadre A1 Nord"]
[Site "Genova ITA"]
[Date "2003.03.16"]
[Round "2"]
[White "Iotti, Pierluigi"]
[Black "Massa, Giovanni"]
[Result "1/2-1/2"]
[WhiteElo "2314"]
[BlackElo "2110"]
[PlyCount "106"]
[EventDate "2003.03.15"]

1. d4 Nf6 2. Nf3 g6 3. g3 Bg7 4. Bg2 O-O 5. O-O d5 6. c4 c6 7. cxd5 cxd5 8. Nc3
Ne4 9. Qb3 Nxc3 10. Qxc3 Nc6 11. Be3 Bf5 12. Nh4 Be6 13. Rfe1 Re8 14. Qd2 Qd7
15. Rad1 Rad8 16. f4 f5 17. Nf3 b6 18. b3 Bf7 19. Ne5 Nxe5 20. dxe5 e6 21. Bd4
Rc8 22. e3 Bf8 23. Rc1 Rxc1 24. Rxc1 Rc8 25. Bf1 Be8 26. Ba6 Rxc1+ 27. Qxc1 Qc6
28. Qxc6 Bxc6 29. h3 Ba3 30. g4 Kf8 31. g5 Ke7 32. Be2 Kd8 33. Kf2 Kc7 34. Ke1
Bb4+ 35. Kd1 Kb7 36. Kc2 Ba3 37. Bb2 Bc5 38. Bc1 b5 39. a3 a5 40. Kd3 Kb6 41.
Bb2 b4 42. a4 Bb7 43. Kd2 Ba6 44. Bf3 Kc7 45. h4 Bf1 46. h5 Ba6 47. h6 Bf8 48.
Bd4 Kc6 49. Bd1 Bf1 50. Bf3 Ba6 51. Bg2 Bb7 52. Bh3 Ba6 53. Ba7 Kb7 1/2-1/2

[Event "XXXV C.to Italiano a squadre A1 Nord"]
[Site "Genova ITA"]
[Date "2003.03.16"]
[Round "2"]
[White "Negro, Roberto"]
[Black "Del Rio Angelis, Salvador Gabriel"]
[Result "0-1"]
[WhiteElo "2132"]
[BlackElo "2487"]
[PlyCount "60"]
[EventDate "2003.03.15"]

1. d4 Nf6 2. c4 e6 3. Nc3 Bb4 4. a3 Bxc3+ 5. bxc3 O-O 6. f3 d5 7. cxd5 exd5 8.
e3 Bf5 9. Bd3 Bxd3 10. Qxd3 Re8 11. Ne2 Nbd7 12. O-O c5 13. Ng3 Rc8 14. Ra2 Qc7
15. Re2 h5 16. Bb2 cxd4 17. cxd4 g6 18. e4 h4 19. Nh1 Qc4 20. Qe3 dxe4 21. Rc1
Qd3 22. Qxd3 exd3 23. Rxe8+ Rxe8 24. Rd1 Re2 25. Bc1 Nd5 26. Kf1 Rc2 27. Bd2
N7b6 28. Nf2 Nc4 29. Ke1 Nde3 30. Bxe3 Re2+ 0-1

[Event "XXXV C.to Italiano a squadre A1 Nord"]
[Site "Genova ITA"]
[Date "2003.03.16"]
[Round "2"]
[White "Pernigotti, Carlo"]
[Black "Vezzosi, Paolo"]
[Result "1/2-1/2"]
[WhiteElo "2201"]
[BlackElo "2379"]
[PlyCount "95"]
[EventDate "2003.03.15"]

1. e4 c6 2. d4 d5 3. Nd2 g6 4. Ngf3 Bg7 5. h3 Nh6 6. Be2 O-O 7. O-O dxe4 8.
Nxe4 Nf5 9. c3 Nd6 10. Nc5 Nd7 11. Nxd7 Bxd7 12. Re1 Qb6 13. Bd3 Rfe8 14. Qe2
Bf5 15. Bxf5 Nxf5 16. Bf4 Rad8 17. Rad1 Nd6 18. Ne5 Qa5 19. Nc4 Nxc4 20. Qxc4
Rd5 21. Rd3 e6 22. Ree3 Rc8 23. Re2 b5 24. Qb3 h5 25. a3 c5 26. dxc5 Rcxc5 27.
Rd1 Qd8 28. Red2 a6 29. Be3 Rxd2 30. Rxd2 Rd5 31. Rxd5 exd5 32. a4 Qd7 33. axb5
axb5 34. Qb4 Qc6 35. h4 Bf6 36. Qf4 Bg7 37. Qb4 Bf8 38. Qf4 Qd6 39. Qxd6 Bxd6
40. Kf1 f6 41. Ke2 Kf7 42. f3 Ke6 43. g4 Bg3 44. Bf2 Bc7 45. Kd3 Be5 46. Ke3
Bc7 47. Kd3 Be5 48. Ke3 1/2-1/2

[Event "XXXV C.to Italiano a squadre A1 Nord"]
[Site "Genova ITA"]
[Date "2003.03.16"]
[Round "2"]
[White "Scalcione, Michelangelo"]
[Black "Ortega, Lexy"]
[Result "1/2-1/2"]
[WhiteElo "2366"]
[BlackElo "2452"]
[PlyCount "43"]
[EventDate "2003.03.15"]

1. Nf3 c5 2. c4 Nc6 3. d4 cxd4 4. Nxd4 e6 5. g3 Qb6 6. Nc2 Nf6 7. Bg2 d5 8.
cxd5 exd5 9. O-O Be6 10. b3 Rd8 11. Bb2 d4 12. Nd2 Bc5 13. Ne4 Be7 14. Nxf6+
Bxf6 15. Ne1 O-O 16. Nd3 Rfe8 17. Re1 Bd5 18. Rc1 Bxg2 19. Kxg2 Ne7 20. e4 dxe3
21. Bxf6 Qxf6 22. Rxe3 1/2-1/2

[Event "XXXV C.to Italiano a squadre A1 Nord"]
[Site "Genova ITA"]
[Date "2003.03.16"]
[Round "2"]
[White "Skembris, Spyridon"]
[Black "Guerra, Alessandro"]
[Result "1-0"]
[WhiteElo "2426"]
[BlackElo "2192"]
[PlyCount "87"]
[EventDate "2003.03.15"]

1. d4 Nc6 2. e4 d6 3. Nf3 Nf6 4. c3 Bg4 5. h3 Bh5 6. Bd3 e5 7. d5 Nb8 8. c4
Nbd7 9. Nc3 Be7 10. g4 Bg6 11. Be3 c6 12. Qb3 cxd5 13. cxd5 b6 14. Nd2 O-O 15.
O-O-O a6 16. Rdg1 b5 17. h4 Nc5 18. Bxc5 dxc5 19. h5 c4 20. Bxc4 bxc4 21. Qd1
Bb4 22. hxg6 fxg6 23. Rh3 Ne8 24. g5 Rf4 25. Qa4 Bxc3 26. Rxc3 Nd6 27. f3 Qb6
28. Rg2 Qb5 29. Ra3 Rh4 30. Rg1 c3 31. bxc3 Qc5 32. Re1 Rh2 33. Rb3 Nb5 34. Qc4
Rc8 35. d6+ Qxc4 36. Nxc4 Rxa2 37. d7 Rd8 38. Nxe5 h5 39. Rd1 Ra1+ 40. Kc2 Rxd1
41. Kxd1 Nd6 42. Rb6 Nf7 43. Re6 Kh7 44. Re8 1-0

[Event "XXXV C.to Italiano a squadre A1 Nord"]
[Site "Genova ITA"]
[Date "2003.03.16"]
[Round "2"]
[White "Tirabassi, Maurizio"]
[Black "Di Paolo, Raffaele"]
[Result "1/2-1/2"]
[WhiteElo "2330"]
[BlackElo "2340"]
[PlyCount "98"]
[EventDate "2003.03.15"]

1. c4 g6 2. Nc3 Bg7 3. d4 Nf6 4. e4 d6 5. f3 O-O 6. Bg5 Nc6 7. d5 Ne5 8. Qd2 c6
9. Be2 a6 10. Rc1 cxd5 11. cxd5 b5 12. b3 Bd7 13. Bd3 b4 14. Nd1 Nxd3+ 15. Qxd3
Bb5 16. Qd2 Nd7 17. Ne2 Nc5 18. Nf2 f5 19. e5 Bxe5 20. Qxb4 Qd7 21. Qd2 Rac8
22. O-O Bxe2 23. Qxe2 Qb7 24. Rfd1 a5 25. Be3 Bf6 26. Nd3 Nxd3 27. Qxd3 Rxc1
28. Rxc1 Rc8 29. Rc4 Kf7 30. Kf1 h5 31. Ke2 Rxc4 32. Qxc4 Be5 33. h3 Qb8 34.
Kd3 Qh8 35. a3 Bb2 36. Bd4 Bxd4 37. Qxd4 Qb8 38. b4 Qb5+ 39. Kc3 Qa4 40. Kb2
Qb5 41. Kc3 Qf1 42. Qd2 a4 43. Qb2 Qd1 44. Kc4 e6 45. dxe6+ Kxe6 46. b5 d5+ 47.
Kb4 d4 48. b6 Kd7 49. Kc5 d3 1/2-1/2

[Event "XXXV C.to Italiano a squadre A1 Nord"]
[Site "Genova ITA"]
[Date "2003.03.16"]
[Round "2"]
[White "Vismara, Daniele"]
[Black "Simoli, Sergio"]
[Result "1/2-1/2"]
[WhiteElo "2260"]
[BlackElo "2280"]
[PlyCount "82"]
[EventDate "2003.03.15"]

1. Nf3 g6 2. c4 c5 3. d4 Bg7 4. e4 cxd4 5. Nxd4 Nc6 6. Be3 Nf6 7. Nc3 Ng4 8.
Qxg4 Nxd4 9. Qd1 Ne6 10. Qd2 O-O 11. Bd3 d6 12. Bh6 Nc5 13. Bc2 Be6 14. h4 f6
15. Bxg7 Kxg7 16. h5 g5 17. h6+ Kh8 18. Nd5 Rf7 19. O-O-O Rc8 20. Kb1 Nd7 21.
Bd3 Ne5 22. Rc1 Bd7 23. Be2 e6 24. Ne3 Bc6 25. f3 Rfc7 26. Ka1 Be8 27. g3 Ng6
28. Rhd1 Rd7 29. Ng4 e5 30. Ne3 Nf8 31. f4 Bf7 32. fxg5 fxg5 33. Bg4 Be6 34.
Bxe6 Nxe6 35. Nf5 Rc6 36. Rc3 Nc5 37. Qe3 a5 38. Rc2 a4 39. Rcd2 Qf6 40. Kb1
Kg8 41. Rf2 Qg6 1/2-1/2

[Event "XXXV C.to Italiano a squadre A1 Nord"]
[Site "Monselice ITA"]
[Date "2003.03.28"]
[Round "3"]
[White "Camerini, Lorenzo"]
[Black "Contin, Daniel"]
[Result "0-1"]
[WhiteElo "1843"]
[BlackElo "2330"]
[PlyCount "68"]
[EventDate "2003.03.15"]

1. e4 e6 2. d4 d5 3. Nd2 a6 4. Ngf3 c5 5. exd5 exd5 6. dxc5 Bxc5 7. Nb3 Ba7 8.
Nfd4 Ne7 9. Be3 O-O 10. Be2 Qd6 11. Qd2 Ng6 12. O-O Re8 13. Bd3 Nc6 14. Nf5
Bxf5 15. Bxa7 Bxd3 16. Bc5 Qf6 17. cxd3 d4 18. Rae1 Nf4 19. g3 Ne6 20. Ba3 b6
21. Qe2 Nc7 22. Qd1 b5 23. Bc5 Ne6 24. f4 a5 25. Bd6 Qd8 26. Be5 a4 27. Nc1 f6
28. Qf3 Qd7 29. Bxf6 gxf6 30. Qh5 Rab8 31. Qf5 Qf7 32. Rd1 Ne7 33. Qg4+ Ng7 34.
Ne2 Nef5 0-1